Vista normal Vista MARC

Entrada Personal Name

Número de registros utilizados en: 1

001 - CONTROL NUMBER

  • control field: 36929

003 - CONTROL NUMBER IDENTIFIER

  • control field: OSt

005 - DATE AND TIME OF LATEST TRANSACTION

  • control field: 20230915232016.0

008 - FIXED-LENGTH DATA ELEMENTS

  • fixed length control field: 230915|| aca||aabn | a|a d

040 ## - CATALOGING SOURCE

  • Original cataloging agency: OSt
  • Transcribing agency: OSt

100 ## - HEADING--PERSONAL NAME

  • Personal name: Frotscher, Michael

670 ## - SOURCE DATA FOUND

  • Source citation: Work cat.: (OSt)32542: Kahle, Werner 36928, Atlas de anatomía con correlación clínica. Tomo 3, sistema nervioso y órganos de los sentidos / , España ; Buenos Aires Editorial Médica PanAméricana [2008]









Instituto Departamental de Cultura del Meta - Red Departamental de Bibliotecas Públicas del Meta.